[Event "Stay Safe Play From Home 317"]
[Site "Emanuel Lasker Arena"]
[Date "2020.07.20"]
[Round "9"]
[White "Little champs"]
[Black "Mepe_Nika"]
[Result "0-1"]
[WhiteElo "2298"]
[BlackElo "2380"]
[Annotator "RC"]
[PlyCount "104"]
[EventDate "2020.07.20"]
[EventType "swiss (blitz)"]

1. d4 {[%emt 0:00:01]} g6 {[%emt 0:00:01]} 2. e3 {[%emt 0:00:00]} Nf6 {[%emt 0:00:01]} 3. Nf3 {[%emt 0:00:00]} Bg7 {[%emt 0:00:00]} 4. Be2 {[%emt 0:00:00]} O-O {[%emt 0:00:00]} 5. O-O {[%emt 0:00:00]} d6 {[%emt 0:00:00]} 6. c4 {[%emt 0:00:00]} c5 {[%emt 0:00:01]} 7. Nc3 {[%emt 0:00:00]} Nc6 {[%emt 0:00:01]} 8. dxc5 {[%emt 0:00:00]} dxc5 {[%emt 0:00:01]} 9. a3 {[%emt 0:00:00]} b6 {[%emt 0:00:01]} 10. Qc2 {[%emt 0:00:01]} Bb7 {[%emt 0:00:01]} 11. Rd1 {[%emt 0:00:01]} Qc7 {[%emt 0:00:01]} 12. Nd5 {[%emt 0:00:01]} Nxd5 {[%emt 0:00:01]} 13. cxd5 {[%emt 0:00:00]} Ne5 {[%emt 0:00:01]} 14. e4 {[%emt 0:00:02]} Rad8 {[%emt 0:00:01]} 15. Be3 {[%emt 0:00:01]} e6 {[%emt 0:00:02]} 16. dxe6 {[%emt 0:00:03]} fxe6 {[%emt 0:00:00]} 17. Rac1 {[%emt 0:00:04]} h6 {[%emt 0:00:03]} 18. Rxd8 {[%emt 0:00:01]} Rxd8 {[%emt 0:00:01]} 19. Qb3 {[%emt 0:00:00]} Re8 {[%emt 0:00:02]} 20. Qc2 {[%emt 0:00:04]} Kh7 {[%emt 0:00:01]} 21. Nxe5 {[%emt 0:00:01]} Bxe5 {[%emt 0:00:02]} 22. g3 {[%emt 0:00:01]} Rd8 {[%emt 0:00:01]} 23. h4 {[%emt 0:00:03]} h5 {[%emt 0:00:03]} 24. Kg2 {[%emt 0:00:01]} Qc6 {[%emt 0:00:01]} 25. Bf3 {[%emt 0:00:01]} Rf8 {[%emt 0:00:01]} 26. Qc4 {[%emt 0:00:02]} Bxb2 {[%emt 0:00:04]} 27. Rd1 {[%emt 0:00:01]} Bg7 {[%emt 0:00:03]} 28. Rd3 {[%emt 0:00:02]} a6 {[%emt 0:00:03]} 29. Bf4 {[%emt 0:00:01]} b5 {[%emt 0:00:02]} 30. Qc2 {[%emt 0:00:01]} e5 {[%emt 0:00:02]} 31. Bg5 {[%emt 0:00:04]} Rxf3 {[%emt 0:00:01]} 32. Rxf3 {[%emt 0:00:03]} Qxe4 {[%emt 0:00:00]} 33. Qxe4 {[%emt 0:00:02]} Bxe4 {[%emt 0:00:00]} 34. Be7 {[%emt 0:00:02]} b4 {[%emt 0:00:02]} 35. axb4 {[%emt 0:00:01]} cxb4 {[%emt 0:00:02]} 36. Bxb4 {[%emt 0:00:01]} Kg8 {[%emt 0:00:01]} 37. Ba5 {[%emt 0:00:01]} Bh6 {[%emt 0:00:03]} 38. Bb4 {[%emt 0:00:01]} Bc1 {[%emt 0:00:01] Little champs offers a draw} 39. Ba5 {[%emt 0:00:01]} Bb2 {[%emt 0:00:01]} 40. Bb4 {[%emt 0:00:01]} Bd4 {[%emt 0:00:00]} 41. Ba5 {[%emt 0:00:01]} Bxf3+ {[%emt 0:00:00]} 42. Kxf3 {[%emt 0:00:01]} Kf7 {[%emt 0:00:00]} 43. g4 {[%emt 0:00:00]} Ke6 {[%emt 0:00:00]} 44. gxh5 {[%emt 0:00:00]} gxh5 {[%emt 0:00:00]} 45. Ke2 {[%emt 0:00:01]} Kf5 {[%emt 0:00:00]} 46. f3 {[%emt 0:00:00]} Bc5 {[%emt 0:00:00]} 47. Kd3 {[%emt 0:00:00]} Be7 {[%emt 0:00:01]} 48. Kc4 {[%emt 0:00:01]} Bxh4 {[%emt 0:00:01]} 49. Kd5 {[%emt 0:00:00]} Bf6 {[%emt 0:00:00]} 50. Bc7 {[%emt 0:00:02]} h4 {[%emt 0:00:00]} 51. Bb6 {[%emt 0:00:01]} h3 {[%emt 0:00:01]} 52. Bg1 {[%emt 0:00:00]} Bg5 {[%emt 0:00:00] Time (Lag: Av=0.62s, max=1.9s)} 0-1

[Event "Stay Safe Play From Home 317"]
[Site "Emanuel Lasker Arena"]
[Date "2020.07.20"]
[Round "9"]
[White "N_KRISHNA TEJA"]
[Black "AChessPlayer"]
[Result "0-1"]
[WhiteElo "2267"]
[BlackElo "2438"]
[Annotator "TA"]
[PlyCount "160"]
[EventDate "2020.07.20"]
[EventType "swiss (blitz)"]

{[%evp 15,160,13,6,0,18,16,27,4,20,21,11,4,12,8,15,0,0,0,7,-16,0,-13,-17,-24,0,-25,-41,-152,-125,-120,-108,-109,-98,-174,-168,-240,-238,-229,-230,-272,-262,-264,-217,-291,-225,-298,-204,-204,-200,-196,-184,-292,-286,-306,-289,-256,0,0,-8,-26,0,-185,-14,-12,-10,-12,-16,-14,-8,-62,0,0,0,0,0,0,0,0,0,-8,0,-8,0,0,0,-10,0,0,0,0,0,0,0,0,0,0,0,0,0,0,0,0,0,-71,0,0,0,0,0,0,0,0,0,0,0,0,0,0,0,0,0,0,0,0,0,0,0,0,0,0,0,-29990,-29991,-29992,-29993,-29993,-29992,-29992,-29992,-29992,-29993,-29993,-29994,-29995,-29995,-29997,-29996]} 1. g3 c6 2. Bg2 d5 3. Nf3 Nf6 4. O-O Nbd7 5. b3 g6 6. Bb2 Bg7 7. c4 O-O 8. cxd5 {8.d4 is a critical line.} cxd5 9. d4 {A11: English Opening: 1...c6.} b6 10. Nc3 Ba6 11. Ne5 {[#] Threatening Nc6.White has an edge.} e6 $146 ({Predecessor:} 11... Rc8 12. Nd3 Bb7 13. Nb4 Nb8 14. Rc1 Qd7 15. e3 e6 16. Qe2 a5 17. Nd3 Ba6 {0-1 (34) Hartling,S-Roos,D Hamburg 1974}) 12. Nc6 Qc7 13. Nb4 Bb7 14. Rc1 Qb8 15. Rc2 a5 16. Nd3 Ba6 17. Bc1 Qb7 18. Bf4 Rac8 19. a4 h6 20. Bd6 Rfe8 21. Nb5 ({White should try} 21. Ba3 $15) 21... Rxc2 22. Qxc2 Rc8 $36 {[%mdl 2048] Black is in control.} 23. Qb2 Ne4 24. Be5 (24. Ba3 $17) 24... Nxe5 25. Nxe5 (25. dxe5 {might work better.} Bxb5 26. axb5) 25... Bxe5 26. dxe5 Bxb5 $1 27. axb5 Nc3 28. e3 Nxb5 29. e4 d4 30. f4 Qc6 31. f5 Qc5 32. fxe6 fxe6 33. Qd2 (33. Bh3 $142 Qxe5 34. b4) 33... Kg7 $19 ({Weaker is} 33... Qxe5 34. Qxh6 Qg7 35. Qg5 $11) 34. Bh3 Qxe5 35. Qf2 {[#]} Kh7 $2 ({Don't blunder} 35... Qxe4 $2 36. Qf6+ Kh7 37. Qf7+ Kh8 38. Bxe6 $18) (35... Nd6 $1 $19 {Hoping for ...d3.} 36. Bg2 Rd8) 36. Qf7+ $11 Qg7 {next ...Qxf7 is good for Black.} 37. Bxe6 Rd8 (37... Rc7 $5 {[%cal Rc7f7]} 38. Qe8 d3 39. Bg8+ Qxg8 40. Qxb5 {[%mdl 64] Double Attack} Qd8 41. Qxb6 Kg7 $15) 38. Qf2 $2 (38. Bc4 $11 {and White is okay.} Nc3 39. Qe6) 38... d3 $2 (38... Nc3 $19 {aiming for ...h5.} 39. e5 Qxe5) 39. Qxb6 Qd4+ 40. Qxd4 Nxd4 {[%mdl 4096] Endgame KRB-KRN} 41. Bd5 $1 Ne2+ 42. Kf2 (42. Kg2 $1 $11) 42... Nc3 (42... Rf8+ $1 $15 43. Kg2 Rxf1 44. Kxf1 Nd4) 43. Ke3 {With the idea Kd4.} Nxd5+ 44. exd5 Rxd5 {KR-KR} 45. Kd2 Kg7 46. Rf4 h5 47. h4 Kh6 48. Rf7 g5 49. Rf6+ Kg7 50. Ra6 g4 51. Rb6 Kf7 (51... Rf5 $5 {[%cal Rf5f3]}) 52. Rh6 Ke7 (52... Rb5 {with more complications.} 53. Kc3 Rc5+ 54. Kd2 Rb5) 53. Ra6 Kd7 54. Rh6 Kc7 55. Ra6 Rf5 56. Rh6 Kb7 57. Rh7+ Kb6 58. Rh6+ Kb5 59. Rh8 (59. Kxd3 $11 {remains equal.} Kb4 60. Rb6+ Rb5 61. Rxb5+ Kxb5 62. Kc3) 59... Rf2+ ({Black should play} 59... Rd5 $17 {White must now prevent ...Kb4.} 60. Rb8+ Kc5) 60. Kxd3 Rf3+ 61. Kc2 Rxg3 62. Rxh5+ Kb4 63. Rg5 Rg2+ 64. Kd1 g3 65. h5 Kxb3 {Threatens to win with ...a4.} 66. h6 a4 67. h7 Rh2 {...Kb2 is the strong threat.} 68. Rxg3+ Kb4 69. Rg4+ Kb5 70. Rg5+ Kb6 71. Rg6+ Kc5 72. Rg5+ Kb4 73. Rh5 $2 {[%mdl 8192] [#]} (73. Rg4+ $11 Kb5 74. Rg5+ Kb6 75. Rg6+ Kc5 76. Rg7) 73... Rxh5 {Black mates.} 74. h8=Q Rxh8 {KR-K} 75. Ke2 Rc8 76. Kf3 Rc3+ 77. Ke4 a3 78. Kd5 a2 79. Kd6 a1=Q 80. Kd7 Qd1+ {Accuracy: White = 74%, Black = 83%.} 0-1

[Event "Stay Safe Play From Home 317"]
[Site "Emanuel Lasker Arena"]
[Date "2020.07.20"]
[Round "9"]
[White "SoulofWolf"]
[Black "Haris kollari 13"]
[Result "1-0"]
[WhiteElo "2124"]
[BlackElo "1728"]
[Annotator "NA RC"]
[PlyCount "95"]
[EventDate "2020.07.20"]
[EventType "swiss (blitz)"]

1. f4 {[%emt 0:00:00]} d5 {[%emt 0:00:01]} 2. d3 {[%emt 0:00:00]} c5 {[%emt 0:00:01]} 3. Nf3 {[%emt 0:00:01]} Nc6 {[%emt 0:00:01]} 4. b3 {[%emt 0:00:00]} f6 {[%emt 0:00:01]} 5. Bb2 {[%emt 0:00:00]} e6 {[%emt 0:00:00]} 6. e4 {[%emt 0:00:01]} d4 {[%emt 0:00:01]} 7. Nbd2 {[%emt 0:00:01]} Bd6 {[%emt 0:00:01]} 8. g3 {[%emt 0:00:01]} h6 {[%emt 0:00:01]} 9. a3 {[%emt 0:00:01]} Nge7 {[%emt 0:00:01]} 10. Bg2 {[%emt 0:00:01]} e5 {[%emt 0:00:01]} 11. f5 {[%emt 0:00:02]} Bd7 {[%emt 0:00:02]} 12. Qe2 {[%emt 0:00:01]} Qc7 {[%emt 0:00:01]} 13. Nc4 {[%emt 0:00:01]} g6 {[%emt 0:00:01]} 14. a4 {[%emt 0:00:01]} gxf5 {[%emt 0:00:01]} 15. O-O-O {[%emt 0:00:02]} fxe4 {[%emt 0:00:02]} 16. dxe4 {[%emt 0:00:01]} O-O-O {[%emt 0:00:01]} 17. h4 {[%emt 0:00:02]} Be6 {[%emt 0:00:01]} 18. h5 {[%emt 0:00:01]} Rhg8 {[%emt 0:00:02]} 19. Nh4 {[%emt 0:00:04]} Bg4 {[%emt 0:00:02]} 20. Bf3 {[%emt 0:00:01]} Bxf3 {[%emt 0:00:02]} 21. Qxf3 {[%emt 0:00:00]} Kb8 {[%emt 0:00:02]} 22. Qxf6 {[%emt 0:00:02]} Nc8 {[%emt 0:00:01]} 23. Nf5 {[%emt 0:00:02]} Bf8 {[%emt 0:00:03]} 24. Nxh6 {[%emt 0:00:08]} Bxh6+ {[%emt 0:00:02]} 25. Qxh6 {[%emt 0:00:00]} Rxg3 {[%emt 0:00:01]} 26. Rdf1 {[%emt 0:00:07]} Nd6 {[%emt 0:00:01]} 27. Nxd6 {[%emt 0:00:04]} Qxd6 {[%emt 0:00:01]} 28. Rf6 {[%emt 0:00:02]} Qe7 {[%emt 0:00:02]} 29. Rhf1 {[%emt 0:00:00]} Qg7 {[%emt 0:00:02]} 30. Qd2 {[%emt 0:00:02]} Qg5 {[%emt 0:00:01]} 31. Qxg5 {[%emt 0:00:02]} Rxg5 {[%emt 0:00:01]} 32. R6f5 {[%emt 0:00:00]} Rdg8 {[%emt 0:00:02]} 33. Kd2 {[%emt 0:00:01]} Rxf5 {[%emt 0:00:01]} 34. Rxf5 {[%emt 0:00:00]} Rg2+ {[%emt 0:00:01]} 35. Kd1 {[%emt 0:00:00]} Rh2 {[%emt 0:00:01]} 36. Ke1 {[%emt 0:00:02]} Kc7 {[%emt 0:00:01]} 37. Bc1 {[%emt 0:00:00]} b6 {[%emt 0:00:01]} 38. Bg5 {[%emt 0:00:01]} Nb4 {[%emt 0:00:01]} 39. c3 {[%emt 0:00:01]} Rxh5 {[%emt 0:00:02]} 40. cxb4 {[%emt 0:00:00]} cxb4 {[%emt 0:00:02]} 41. Rf7+ {[%emt 0:00:00]} Kc6 {[%emt 0:00:01]} 42. Be7 {[%emt 0:00:01]} Rh2 {[%emt 0:00:01]} 43. Rf6+ {[%emt 0:00:00]} Kd7 {[%emt 0:00:03]} 44. Bxb4 {[%emt 0:00:00]} Rb2 {[%emt 0:00:01]} 45. Rd6+ {[%emt 0:00:00]} Kc7 {[%emt 0:00:01]} 46. Re6 {[%emt 0:00:01]} Rxb3 {[%emt 0:00:01]} 47. Bd6+ {[%emt 0:00:00]} Kd7 {[%emt 0:00:01]} 48. Kf1 {[%emt 0:00:00] (Lag: Av=0.47s, max=1.1s) '} 1-0

[Event "Stay Safe Play From Home 317"]
[Site "Emanuel Lasker Arena"]
[Date "2020.07.20"]
[Round "9"]
[White "Greblha"]
[Black "Klasman"]
[Result "1-0"]
[WhiteElo "1923"]
[BlackElo "1387"]
[Annotator "TA"]
[PlyCount "49"]
[EventDate "2020.07.20"]
[EventType "swiss (blitz)"]

{[%evp 9,49,-44,51,34,41,0,21,19,176,176,226,65,1020,1027,1027,1007,1012,1004,980,920,937,913,1003,883,893,877,948,841,1150,1158,1256,1227,1228,1160,1129,1132,1717,1545,2483,2444,2216,2023]} 1. e4 f5 2. exf5 Nf6 3. Nc3 d5 {[#]} 4. Bb5+ $146 ({Predecessor:} 4. d4 Bxf5 5. Nf3 Nbd7 6. Bd3 Bg4 7. O-O c5 8. Be2 cxd4 9. Nxd4 Bxe2 10. Qxe2 {½-½ (49) Kavcic,B (1667)-Petrovic,M (1901) Nova Gorica 2019}) 4... c6 5. Ba4 d4 ({Better is} 5... Bxf5 $15 6. d4 e6) 6. Nce2 $14 {B00: Queen's Fianchetto Defence, Nimzowitsch Defence.} Bxf5 7. Ng3 Bg6 8. Nf3 {The position is equal.} b5 $2 (8... Nbd7 $11 {and Black has nothing to worry.}) 9. Bb3 $18 c5 {[#] ...c4 is the strong threat.} 10. Be6 $2 (10. d3 $18) 10... Qd5 $2 {[%mdl 8192]} (10... Qd6 $14 11. Qe2 d3 12. cxd3 Nc6) 11. Bxd5 {White is clearly winning.} Nxd5 12. Ne5 Nd7 13. Nxg6 hxg6 14. d3 N7f6 15. Bg5 Kf7 16. Bxf6 exf6 17. Qf3 Re8+ 18. Ne2 Nb4 19. O-O-O Nxa2+ 20. Kb1 {[#] Hoping for Qd5+.} Nb4 21. Qb7+ Re7 22. Qxb5 Rc7 23. Nf4 a6 24. Qc4+ Ke8 25. Rhe1+ 1-0

[Event "Stay Safe Play From Home 317"]
[Site "Emanuel Lasker Arena"]
[Date "2020.07.20"]
[Round "9"]
[White "Buzaglo"]
[Black "Mr bh6"]
[Result "0-1"]
[WhiteElo "1901"]
[BlackElo "2368"]
[Annotator "TA"]
[PlyCount "114"]
[EventDate "2020.07.20"]
[EventType "swiss (blitz)"]

{[%evp 14,114,34,19,111,106,102,60,64,73,377,91,106,96,117,111,115,113,148,43,69,20,24,-46,-51,-40,0,-15,-12,-201,-203,-205,-187,-204,-198,-215,-201,-368,-317,-304,-173,-285,79,-980,-965,-904,-839,-834,-842,-1086,-1059,-29960,-29960,-29978,-29959,-5477,-1712,-29978,-29979,-29981,-29982,-29982,-29983,-29980,-29981,-29981,-29982,-29985,-29986,-29988,-29987,-29988,-29988,-29988,-29988,-29988,-29988,-29989,-29990,-29990,-29990,-29990,-29991,-29991,-29992,-29992,-29992,-29992,-29992,-29992,-29992,-29993,-29994,-29994,-29994,-29994,-29995,-29996,-29997,-29997,-29996,-29997,-29998]} 1. d4 e6 2. Nf3 f5 3. g3 Nf6 4. Bg2 b6 5. O-O Bb7 6. c4 Be7 7. Nc3 O-O 8. d5 Ne4 {A84: Dutch Defence: 2 c4 Miscellaneous.} (8... Bb4 $11 {keeps the balance.}) 9. Nxe4 $1 $16 fxe4 10. Nd2 {[#]} e3 $146 {White is slightly better.} ({Predecessor:} 10... exd5 11. cxd5 Bxd5 12. Nxe4 c6 13. Bf4 Na6 14. Qd2 Nc7 15. Rac1 Ne6 16. Be3 Bxa2 {½-½ (45) Mahdian,A (2212)-Mammadova,G (2382) chess.com INT 2020}) 11. fxe3 {Black must now prevent d6!} e5 $2 {[%mdl 8192] [#]} (11... Rxf1+ $16 {is tougher.} 12. Qxf1 exd5) 12. e4 $2 (12. d6 $1 $18 {[%cal Rd6e7][%mdl 512]} Bxg2 (12... cxd6 13. Bxb7) 13. dxe7 (13. Kxg2 Bxd6 14. Rxf8+ Bxf8 $11) 13... Qxe7 14. Rxf8+ Qxf8 15. Kxg2) 12... Bc5+ 13. Kh1 a5 {[%cal Ba7a5,Ba5a4,Ba4b3,Bb3b2][%mdl 32]} 14. Nf3 d6 15. a3 Nd7 {[%cal Bb8d7,Bd7f6,Bf6e4][%mdl 32]} 16. Qb3 (16. Bd2 $16) 16... a4 17. Qc3 Nf6 18. Be3 (18. Qc2 $11) 18... Nxe4 $15 19. Qd3 Bxe3 (19... Nxg3+ $5 20. hxg3 e4 $11) 20. Qxe3 Nc5 21. b4 $2 (21. Ng5 $11 {and White has nothing to worry.}) 21... axb3 $19 22. Nd2 b2 23. Rab1 Rxf1+ 24. Bxf1 Na4 25. Qb3 $2 (25. Bg2) 25... Qf6 26. Bg2 Qf2 (26... Qg5 $142 27. Qc2 Bc8) 27. Ne4 (27. Bf3 {was worth a try.}) 27... Qxe2 $2 (27... Qf5 $19 {...Bc8 is the strong threat.} 28. Rf1 Qh5) 28. Nc3 $2 {[%mdl 8192]} (28. Bf3 $16 Bxd5 29. cxd5 (29. Bxe2 $2 {perishes.} Bxe4+ 30. Bf3 Bxb1 $19) (29. Nf6+ Kh8 $11)) 28... Qd3 29. Rxb2 Nxb2 30. Qxb2 Rf8 {( -> ...Rf1+!)} 31. Qc1 Rf2 32. h4 Qxg3 {[%csl Gf2][%cal Rg3g2][%mdl 64] Double Attack} 33. Qg1 Rxg2 34. Qxg2 Qxc3 (34... Qxh4+ $142 35. Kg1 Qe1+ 36. Qf1 Qxc3) 35. Kh2 Qxc4 {[%mdl 64] Double Attack. Black mates.} 36. Qf2 Qf4+ 37. Kg1 Qxf2+ 38. Kxf2 Bxd5 {[%mdl 4096] Endgame KB-KPP} 39. h5 Bc6 40. a4 Bxa4 {KB-KP} 41. h6 Kf7 42. Ke3 gxh6 43. Kd2 Ke6 44. Ke3 d5 45. Kf2 c5 46. Ke1 b5 47. Kd2 b4 48. Kc1 c4 49. Kd2 Kd6 50. Ke1 Kc5 51. Kf2 d4 52. Kg3 b3 53. Kh4 Kd5 54. Kg3 b2 55. Kh4 b1=Q 56. Kg3 c3 57. Kh4 Qg1 {Accuracy: White = 29%, Black = 47%.} 0-1

[Event "Stay Safe Play From Home 317"]
[Site "Emanuel Lasker Arena"]
[Date "2020.07.20"]
[Round "9"]
[White "NeatFox"]
[Black "Edmatuag"]
[Result "0-1"]
[WhiteElo "1817"]
[BlackElo "1605"]
[Annotator "NA RC"]
[PlyCount "114"]
[EventDate "2020.07.20"]
[EventType "swiss (blitz)"]

1. g4 {[%emt 0:00:01]} d5 {[%emt 0:00:01]} 2. Bg2 {[%emt 0:00:00]} c6 {[%emt 0:00:01]} 3. c4 {[%emt 0:00:00]} e6 {[%emt 0:00:02]} 4. cxd5 {[%emt 0:00:00]} exd5 {[%emt 0:00:01]} 5. Qb3 {[%emt 0:00:00]} Bd6 {[%emt 0:00:02]} 6. h3 {[%emt 0:00:02]} Qb6 {[%emt 0:00:01]} 7. Qxb6 {[%emt 0:00:02]} axb6 {[%emt 0:00:00]} 8. d4 {[%emt 0:00:00]} Be6 {[%emt 0:00:01]} 9. a3 {[%emt 0:00:00]} Nd7 {[%emt 0:00:00]} 10. Nc3 {[%emt 0:00:01]} Ne7 {[%emt 0:00:00]} 11. Bg5 {[%emt 0:00:01]} Ng6 {[%emt 0:00:00]} 12. Be3 {[%emt 0:00:02]} Nf4 {[%emt 0:00:01]} 13. Nf3 {[%emt 0:00:00]} Nxg2+ {[%emt 0:00:02]} 14. Kf1 {[%emt 0:00:00]} Nxe3+ {[%emt 0:00:01]} 15. fxe3 {[%emt 0:00:00]} O-O {[%emt 0:00:01]} 16. Kf2 {[%emt 0:00:00]} f5 {[%emt 0:00:01]} 17. g5 {[%emt 0:00:01]} f4 {[%emt 0:00:01]} 18. exf4 {[%emt 0:00:01]} Bxf4 {[%emt 0:00:02]} 19. h4 {[%emt 0:00:00]} Bd2 {[%emt 0:00:02]} 20. Rag1 {[%emt 0:00:03]} Bxc3 {[%emt 0:00:01]} 21. bxc3 {[%emt 0:00:13]} Rf5 {[%emt 0:00:00]} 22. h5 {[%emt 0:00:04]} Raf8 {[%emt 0:00:01]} 23. g6 {[%emt 0:00:01]} h6 {[%emt 0:00:01]} 24. Rg3 {[%emt 0:00:01]} Nf6 {[%emt 0:00:01]} 25. Rhg1 {[%emt 0:00:00]} Ne4+ {[%emt 0:00:00]} 26. Ke3 {[%emt 0:00:01]} Nxg3 {[%emt 0:00:00]} 27. Rxg3 {[%emt 0:00:01]} Rxh5 {[%emt 0:00:00]} 28. Ne5 {[%emt 0:00:01]} Rxe5+ {[%emt 0:00:01]} 29. dxe5 {[%emt 0:00:01]} Bf5 {[%emt 0:00:01]} 30. Kd4 {[%emt 0:00:01]} Be6 {[%emt 0:00:00]} 31. e4 {[%emt 0:00:01]} Rf4 {[%emt 0:00:01]} 32. Re3 {[%emt 0:00:01]} Rxe4+ {[%emt 0:00:01]} 33. Rxe4 {[%emt 0:00:01]} dxe4 {[%emt 0:00:00]} 34. Kxe4 {[%emt 0:00:00]} Kf8 {[%emt 0:00:01]} 35. Kf4 {[%emt 0:00:01]} Ke7 {[%emt 0:00:00]} 36. Ke4 {[%emt 0:00:01]} Bb3 {[%emt 0:00:01]} 37. Kd4 {[%emt 0:00:01]} Ke6 {[%emt 0:00:00]} 38. Ke4 {[%emt 0:00:00]} Bd1 {[%emt 0:00:01]} 39. Kf4 {[%emt 0:00:00]} Bh5 {[%emt 0:00:00]} 40. c4 {[%emt 0:00:00]} Bxg6 {[%emt 0:00:00]} 41. c5 {[%emt 0:00:01]} Bd3 {[%emt 0:00:00]} 42. cxb6 {[%emt 0:00:01]} Bb5 {[%emt 0:00:01]} 43. Ke4 {[%emt 0:00:02]} h5 {[%emt 0:00:01]} 44. Kf4 {[%emt 0:00:01]} h4 {[%emt 0:00:00]} 45. Kg4 {[%emt 0:00:01]} Kxe5 {[%emt 0:00:00]} 46. Kxh4 {[%emt 0:00:00]} Kd4 {[%emt 0:00:01]} 47. Kg5 {[%emt 0:00:00]} Bd3 {[%emt 0:00:01]} 48. a4 {[%emt 0:00:01]} Kc5 {[%emt 0:00:01]} 49. a5 {[%emt 0:00:00]} Kb5 {[%emt 0:00:01]} 50. Kf4 {[%emt 0:00:01]} Ka6 {[%emt 0:00:00]} 51. Ke3 {[%emt 0:00:00]} Bh7 {[%emt 0:00:02]} 52. Kd4 {[%emt 0:00:01]} Kxa5 {[%emt 0:00:00]} 53. Kc5 {[%emt 0:00:00]} Ka6 {[%emt 0:00:01]} 54. Kb4 {[%emt 0:00:01]} Kxb6 {[%emt 0:00:00]} 55. Ka4 {[%emt 0:00:00]} Kc7 {[%emt 0:00:01]} 56. Kb4 {[%emt 0:00:00]} b5 {[%emt 0:00:00]} 57. Kc3 {[%emt 0:00:01]} Kb7 {[%emt 0:00:00] Zeit (Lag: Av=0.72s, max=1.3s)} 0-1

[Event "Stay Safe Play From Home 317"]
[Site "Emanuel Lasker Arena"]
[Date "2020.07.20"]
[Round "9"]
[White "Declan 1234"]
[Black "Trotsky"]
[Result "0-1"]
[WhiteElo "1270"]
[BlackElo "1650"]
[Annotator "NA RC"]
[PlyCount "36"]
[EventDate "2020.07.20"]
[EventType "swiss (blitz)"]

1. e4 {[%emt 0:00:01]} c5 {[%emt 0:00:01]} 2. Nf3 {[%emt 0:00:01]} e6 {[%emt 0:00:00]} 3. d4 {[%emt 0:00:01]} d5 {[%emt 0:00:01]} 4. exd5 {[%emt 0:00:03]} exd5 {[%emt 0:00:01]} 5. Bb5+ {[%emt 0:00:01]} Nc6 {[%emt 0:00:02]} 6. Qe2+ {[%emt 0:00:04]} Be6 {[%emt 0:00:01]} 7. c3 {[%emt 0:00:04]} Qc7 {[%emt 0:00:01]} 8. O-O {[%emt 0:00:05]} c4 {[%emt 0:00:01]} 9. g3 {[%emt 0:00:04]} Bd6 {[%emt 0:00:01]} 10. Nbd2 {[%emt 0:00:03]} O-O-O {[%emt 0:00:01]} 11. a4 {[%emt 0:00:03]} Nf6 {[%emt 0:00:01]} 12. Bxc6 {[%emt 0:00:06]} bxc6 {[%emt 0:00:03]} 13. a5 {[%emt 0:00:01]} Ng4 {[%emt 0:00:01]} 14. a6 {[%emt 0:00:04]} h5 {[%emt 0:00:01]} 15. h4 {[%emt 0:00:10]} Bxg3 {[%emt 0:00:02]} 16. fxg3 {[%emt 0:00:03]} Qxg3+ {[%emt 0:00:01]} 17. Qg2 {[%emt 0:00:01]} Qc7 {[%emt 0:00:02]} 18. Ne5 {[%emt 0:00:04]} Nxe5 {[%emt 0:00:02] Zeit (Lag: Av=0.53s, max=0.6s) .} 0-1